जयशंकर प्रसाद और मोहन राकेश की रंग-दृष्टि का तुलनात्मक अध्ययन (Record no. 1467277)

MARC details
000 -LEADER
fixed length control field 01038 a2200229 4500
005 - DATE AND TIME OF LATEST TRANSACTION
control field 20260409152108.0
008 - FIXED-LENGTH DATA ELEMENTS--GENERAL INFORMATION
fixed length control field 260108b |||||||| |||| 00| 0 eng d
020 ## - INTERNATIONAL STANDARD BOOK NUMBER
International Standard Book Number 9789390872206 (pbk)
037 ## - SOURCE OF ACQUISITION
Terms of availability TB
040 ## - CATALOGING SOURCE
Original cataloging agency CRL
Transcribing agency CRL
041 ## - LANGUAGE CODE
Source of code hin
Language code of text/sound track or separate title hin
084 ## - COLON CLASSIFICATION NUMBER
Classification number O152,2M89:g(NT) R2
Assigning agency CRL
100 ## - MAIN ENTRY--PERSONAL NAME
Personal name पालीवाल, रीतारानी
9 (RLIN) 862957
245 ## - TITLE STATEMENT
Title जयशंकर प्रसाद और मोहन राकेश की रंग-दृष्टि का तुलनात्मक अध्ययन
260 ## - PUBLICATION, DISTRIBUTION, ETC.
Name of publisher, distributor, etc. सस्ता साहित्य प्रकाशन मण्डल
Date of publication, distribution, etc. 2022
300 ## - PHYSICAL DESCRIPTION
Extent 404पृ.
365 ## - TRADE PRICE
Price amount 380.00
Currency code INR
650 ## - SUBJECT ADDED ENTRY--TOPICAL TERM
Topical term or geographic name entry element हिन्दी नाटक
650 ## - SUBJECT ADDED ENTRY--TOPICAL TERM
Topical term or geographic name entry element हिन्दी साहित्य
942 ## - ADDED ENTRY ELEMENTS (KOHA)
Koha item type Textbook
Source of classification or shelving scheme Colon Classification (CC)
Suppress in OPAC No
Classification part O152,2M89:g(NT) R2
Holdings
Withdrawn status Lost status Source of classification or shelving scheme Damaged status Not for loan Home library Current library Date acquired Source of acquisition Cost, normal purchase price Inventory number Total Checkouts Full call number Barcode Date last seen Cost, replacement price Price effective from Koha item type
    Colon Classification (CC)     Central Library Central Library 2026-02-04 108/ सस्ता साहित्य मंडल 304.00 953 & 2026-01-20   O152,2M89:g(NT) R2 CL1925804 2026-02-04 380.00 2026-02-04 Textbook
Copyright @ Delhi University Library System